000 02547 am a2200565 a 4500
005 20240613094018.0
008 100809s19982003sp a | |||| 00| 0 spa d
020 _a8479034041
041 _aspa
092 _c612
_l49
_sLOP
100 1 _aLópez Chicharro, José.
_9898
245 _aFisiología del ejercicio /
_cJosé López Chicharro.
250 _a2a ed. 2a reimp.
260 _aMadrid:
_bEditorial Médica Panamericana;
_c2003.
300 _a329 p.
_bil.
500 _aLópez Chicharro, J. y Fernández Vaquero, A. (2003). Fisiología del ejercicio. (2a ed.). Madrid : Editorial Médica Panamericana.
653 _aHistoria de la fisiología del ejercicio
653 _aMetabolismo y utilización de sustratos en el ejercicio
653 _aInteracción de los sistemas energéticos durante el ejercicio
653 _aControl nervioso del movimiento muscular
653 _aFunciones motoras del tallo encefálico y ganglios basales
653 _aControl cortical y cerebeloso de la función motora
653 _aSistema simpaticoadrenal y ejercicio
653 _aFibras musculares
653 _aDesarrollo de la fuerza muscular
653 _aRespuestas y adaptaciones hematológicas al ejercicio
653 _aRespuestas y adaptaciones cardiovasculares al ejercicio
653 _aRegulación de la circulación periférica y de la tensión arterial en el ejercicio
653 _aFisiopatología de la función cardiovascular en el ejercicio
653 _aVentilacion pulmonar durante el ejercicio
653 _aDifusión y transporte de gases en el ejercicio
653 _aRegulación de la ventilación durante el ejercicio
653 _aFisiopatología de la enfermedad pulmonar en el ejercicio
653 _aEquilibrio ácido-base en el ejercicio
653 _aFunción renal y ejercicio físico
653 _aEjercicio y sistema endócrino hormonal
653 _aFunción gastrointestinal en el ejercicio
653 _aPrincipios generales de la valoración ergométrica
653 _aConsumo de oxígeno: concepto, bases fisiológicas y aplicaciones
653 _aConcepto y valoración del umbral anaeróbico
653 _aParámetros ergonómicos
653 _aFisiopatología de las alteraciones funcionales limitantes del ejercicio
653 _aPrincipios genrales del entrenamiento físico
653 _aEfectos fisiológicos del entrenamiento
700 1 _aFernández Vaquero, Almudena.
_9899
930 _a1083
930 _a1082
930 _a625
942 _2ddc
_cBK
999 _c581
_d581